| 000 | 00477nam a2200193Ia 4500 | ||
|---|---|---|---|
| 005 | 20240823062125.0 | ||
| 008 | 240823s9999||||xx |||||||||||||| ||und|| | ||
| 020 | _a978-93-87093-31-7 | ||
| 041 | _aENGLISH | ||
| 082 | _A658.562 Q9 | ||
| 100 | _aSasi Rekha V | ||
| 245 | 0 | _aTotal Quality Managemnt | |
| 250 | _a1st | ||
| 260 |
_c2019 _bThakur Publication Pv |
||
| 500 | _aYES | ||
| 650 |
_aTotal Quality Management _bManagement Studies |
||
| 942 | _cBK | ||
| 999 |
_c235141 _d235141 |
||